000
00255nam a2200097Ia 4500
001
644237
005
20250826153601.0
008
250824s9999 xx 000 0 und d
245
0
_a
ŞERMİN GENÇLİK KLASİKLERİ
_c
TEVFİK FİKRET
260
_b
TİMAŞ ÇOCUK
999
_c
644237
_d
644237